Statistiken für ATP Top 50 Tennisspieler 2015

Klicken Sie hier um das Quiz zu spielen!

Allgemein

  • Dieses Quiz wurde 84 mal gespielt
  • Das Durchschnittsergebnis liegt bei 23 aus 50

Antwortstatistiken

RanglistenpositionLandTennisspieler% Korrekt
#3SchweizRoger Federer
100%
#2GroßbritannienAndy Murray
98%
#4SchweizStan Wawrinka
98%
#1SerbienNovak Djokovic
97%
#5SpanienRafael Nadal
85%
#8JapanKei Nishikori
82%
#24FrankreichGael Monfils
81%
#13KroatienMarin Cilic
81%
#11USAJohn Isner
77%
#20ÖsterreichDominic Thiem
76%
#7SpanienDavid Ferrer
71%
#28BulgarienGrigor Dimitrov
69%
#30AustralienNick Kyrgios
69%
#10FrankreichJo-Wilfried Tsonga
65%
#16BelgienDavid Goffin
63%
#12SüdafrikaKevin Anderson
63%
#6TschechienTomas Berdych
63%
#14KanadaMilos Raonic
60%
#25SpanienRoberto Bautista Agut
60%
#21ItalienFabio Fognini
56%
#34DeutschlandPhilipp Kohlschreiber
56%
#9FrankreichRichard Gasquet
48%
#38LuxemburgGilles Muller
42%
#44KroatienBorna Coric
40%
#26USAJack Sock
39%
#46ZypernMarcos Baghdatis
39%
#33PortugalJoao Sousa
37%
#19FrankreichBenoit Paire
35%
#15FrankreichGilles Simon
35%
#40UruguayPablo Cuevas
32%
#49SpanienFernando Verdasco
31%
#27SpanienGuillermo Garcia-Lopez
31%
#23KroatienIvo Karlovic
29%
#17SpanienFeliciano Lopez
27%
#47FrankreichAdrian Mannarino
26%
#29ItalienAndreas Seppi
24%
#45SlowenienAljaz Bedene
19%
#36UkraineAlexandr Dolgopolov
18%
#18AustralienBernard Tomic
18%
#39KanadaVasek Pospisil
18%
#22SerbienVictor Troicki
18%
#35ArgentinienLeonardo Meyer
15%
#43SlowakeiMartin Klizan
15%
#37BrasilienThomaz Belucci
15%
#42SpanienTommy Robredo
11%
#41TschechienJiri Vesely
8%
#32USASteve Johnson
8%
#48USADonald Young
6%
#31FrankreichJeremy Chardy
6%
#50RusslandTeymuraz Gabashvili
0%

Verteilung der Resultate

Perzentil nach korrekt beantworteten Fragen

Anzahl Personen mit jedem Resultat

Ihre Resultats-Entwicklung

Sie haben dieses Quiz noch nicht gespielt